[Event "17th Delhi GM Open 2019"]
[Site "Delhi"]
[Date "2019.01.10"]
[Round "2"]
[White "Paichadze, Luka"]
[Black "Baivab Mishra"]
[Result "1/2-1/2"]
[WhiteElo "2583"]
[BlackElo "2196"]
[Annotator "TA"]
[PlyCount "68"]
[EventDate "2019.01.09"]
[EventType "swiss"]
[EventCountry "IND"]
[SourceTitle "playchess.com"]
[Source "ChessBase"]
[SourceQuality "1"]

{[%evp 18,68,-2,-3,4,0,0,-6,-6,-11,-12,-13,-17,-6,-6,-7,-8,-57,0,0,21,17,59,59,40,-35,0,0,0,0,0,0,0,0,0,0,0,0,8,4,42,0,0,-10,45,45,45,45,47,0,0,0,0]} 1. e4 e5 2. Nc3 Nc6 3. Bc4 Nf6 4. d3 Na5 5. Qf3 Nxc4 6. dxc4 {C28: Vienna Game: 2...Nf6 3 Bc4 Nc6} Bb4 7. Nge2 d6 8. h3 Be6 9. b3 Nd7 10. O-O {LiveBook: 5 Games} Bxc3 11. Qxc3 $146 ({Predecessor:} 11. Nxc3 O-O 12. Qg3 f5 13. Bg5 {½-½ (33) Caruana,F (2822)-Aronian,L (2767) chess.com INT 2018}) 11... O-O 12. f4 exf4 $1 13. Bxf4 f6 14. Nd4 Re8 15. Rae1 Bf7 16. Nf5 Bg6 17. b4 a5 (17... b6 $15) 18. c5 $11 d5 (18... axb4 $5 19. Qb3+ $8 Kh8 20. cxd6 cxd6 $11) 19. Qb3 Bxf5 20. exf5 c6 21. a3 ({White should play} 21. Re6 $14) 21... axb4 22. axb4 Ne5 23. Qg3 {[%cal Rf4e5]} Qc7 24. Kh1 Re7 25. Re3 Rae8 26. Rfe1 Qb8 (26... Kh8 {feels hotter.} 27. R1e2 Kg8 28. Re1) 27. R1e2 Kh8 28. Qe1 Kg8 (28... Qc7 {seems wilder.} 29. g4 h6 30. Kg2 b6 31. Bxe5 fxe5 32. cxb6 Qxb6 33. Rxe5 Rxe5 34. Rxe5 Rxe5 35. Qxe5 Qxb4 36. f6 gxf6 37. Qxf6+ Kh7) 29. Qc3 Kf7 30. Qd4 Kf8 ({Better is} 30... Qd8 $11) 31. Re1 Qc7 32. g4 h6 $1 33. h4 Qd8 34. Kg2 $1 {[%cal Rf4e5]} Nc4 {Accuracy: White = 59%, Black = 66%.} 1/2-1/2

[Event "17th Delhi GM Open 2019"]
[Site "Delhi"]
[Date "2019.01.10"]
[Round "2"]
[White "Gupta, Abhijeet"]
[Black "Chitlange Sakshi"]
[Result "*"]
[WhiteElo "2581"]
[BlackElo "2176"]
[Annotator "TA"]
[PlyCount "34"]
[EventDate "2019.01.09"]
[EventType "swiss"]
[EventCountry "IND"]
[SourceTitle "playchess.com"]
[Source "ChessBase"]
[SourceQuality "1"]

{[%evp 20,22,79,39,104]} 1. d4 Nf6 2. c4 e6 3. Nf3 Bb4+ 4. Nbd2 b6 5. g3 Bb7 6. Bg2 O-O 7. O-O Bxd2 8. Qxd2 d6 9. b3 Nbd7 10. Bb2 {E16: Queen's Indian: 4 g3 Bb7 5 Bg2 Bb4+} Qe7 (10... Be4 11. Rfe1 Qc8 12. Qe3 Qb7 13. h3 b5 14. c5 Qd5 15. Rac1 a5 16. Bf1 a4 17. Nd2 axb3 18. axb3 Ra2 {½-½ (58) Mamedyarov,S (2763)-Andreikin,D (2683) Moscow 2010}) 11. Rad1 {LiveBook: 4 Games} Rad8 (11... Rae8 $14) {Predecessor:} 12. Qc2 $146 Be4 13. Qc3 d5 14. c5 Bxf3 15. Bxf3 bxc5 16. dxc5 c6 17. Rc1 e5 {1-0 (49) Lopez Agustench,E (2220)-Prat Pascual,A Spain 1997} *

[Event "17th Delhi GM Open 2019"]
[Site "Delhi"]
[Date "2019.01.10"]
[Round "2"]
[White "Gupta, Abhijeet"]
[Black "Chitlange Sakshi"]
[Result "1-0"]
[WhiteElo "2581"]
[BlackElo "2176"]
[Annotator "TA"]
[PlyCount "73"]
[EventDate "2019.01.09"]
[EventType "swiss"]
[EventCountry "IND"]
[SourceTitle "playchess.com"]
[Source "ChessBase"]
[SourceQuality "1"]

{[%evp 20,73,78,48,110,115,116,107,195,171,257,254,258,245,243,253,254,260,264,261,245,221,347,341,539,534,666,663,666,666,670,660,659,610,595,597,593,589,564,526,671,711,741,769,1576,1312,1878,1825,2292,2168,29985,29986,29985,29986,29986,29987]} 1. d4 Nf6 2. c4 e6 3. Nf3 Bb4+ 4. Nbd2 b6 5. g3 Bb7 6. Bg2 O-O 7. O-O Bxd2 8. Qxd2 d6 9. b3 Nbd7 10. Bb2 {E16: Queen's Indian: 4 g3 Bb7 5 Bg2 Bb4+} Qe7 (10... Be4 11. Rfe1 Qc8 12. Qe3 Qb7 13. h3 b5 14. c5 Qd5 15. Rac1 a5 16. Bf1 a4 17. Nd2 axb3 18. axb3 Ra2 {½-½ (58) Mamedyarov,S (2763)-Andreikin,D (2683) Moscow 2010}) 11. Rad1 {LiveBook: 4 Games} (11. d5 $5) 11... Rad8 (11... Rfb8 $14) 12. d5 $146 {White is better.} ({Predecessor:} 12. Qc2 Be4 13. Qc3 d5 14. c5 Bxf3 15. Bxf3 bxc5 16. dxc5 c6 17. Rc1 e5 {1-0 (49) Lopez Agustench,E (2220)-Prat Pascual,A Spain 1997}) 12... e5 13. Nh4 {aiming for Nf5.} g6 (13... Rfe8 $16 {was called for.}) 14. Qg5 $1 $18 Kh8 (14... Rde8 $142 15. Nf5 Qd8) 15. f4 {And now fxe5 would win.} Ng8 {[#]} 16. Qxe7 $1 Nxe7 {[#]} 17. fxe5 $1 Nxe5 18. Bxe5+ dxe5 19. d6 $1 {[%cal Rd6e7][%mdl 64] Discovered Attack} Nc6 20. dxc7 Rc8 (20... Rde8 {might work better.} 21. Nf3 Re7) 21. Rd7 f5 (21... e4 $142 22. Bxe4 Ne5) 22. Bd5 e4 23. Rd1 Rfe8 24. Ng2 Ba8 25. Nf4 Ne5 26. Bxa8 Nxd7 27. Rxd7 Rxa8 {[%mdl 4096] Endgame KRR-KRN} 28. Nd5 {White wants to mate with Nf6.} Rf8 29. b4 {[%cal Bb3b4,Bb4c5,Bc5c6][%mdl 32]} Rae8 30. c5 bxc5 31. bxc5 g5 32. c6 f4 33. Ne7 f3 34. e3 Rf6 35. Rd8 {White mates.} Rff8 36. Rxe8 Rxe8 37. c8=Q {Accuracy: White = 91%, Black = 23%.} 1-0

[Event "17th Delhi GM Open 2019"]
[Site "Delhi"]
[Date "2019.01.10"]
[Round "2"]
[White "Karthikeyan, Murali"]
[Black "Mrudul Dehankar"]
[Result "*"]
[WhiteElo "2570"]
[BlackElo "2163"]
[Annotator "TA"]
[PlyCount "38"]
[EventDate "2019.01.09"]
[EventType "swiss"]
[EventCountry "IND"]
[SourceTitle "playchess.com"]
[Source "ChessBase"]
[SourceQuality "1"]

{[%evp 9,10,15,10]} 1. Nf3 Nf6 2. c4 e6 3. g3 b6 4. Bg2 Bb7 5. O-O Be7 {LiveBook: 3439 Games} {Predecessor:} 6. Nc3 $146 O-O 7. Re1 d5 8. cxd5 Nxd5 9. e4 Nxc3 10. bxc3 c5 11. d4 Re8 12. d5 exd5 13. exd5 Nd7 14. Nd2 Bf8 15. Rxe8 Qxe8 16. c4 b5 17. cxb5 Nb6 18. a4 Bxd5 19. Bxd5 Nxd5 {½-½ (68) Wei,Y (2742)-Eljanov,P (2703) Batumi 2018} *

[Event "17th Delhi GM Open 2019"]
[Site "Delhi"]
[Date "2019.01.10"]
[Round "2"]
[White "Karthikeyan, Murali"]
[Black "Mrudul Dehankar"]
[Result "1/2-1/2"]
[WhiteElo "2570"]
[BlackElo "2163"]
[Annotator "TA"]
[PlyCount "125"]
[EventDate "2019.01.09"]
[EventType "swiss"]
[EventCountry "IND"]
[SourceTitle "playchess.com"]
[Source "ChessBase"]
[SourceQuality "1"]

{[%evp 10,125,16,11,43,38,54,52,53,50,49,45,50,52,73,68,80,54,63,0,0,0,0,0,0,0,4,0,0,0,0,-7,54,12,56,33,30,0,0,0,24,10,30,22,54,58,59,48,74,-316,71,40,73,28,27,18,21,17,47,0,18,0,41,41,41,34,44,41,41,22,41,41,58,48,66,65,41,0,0,0,0,0,31,9,9,9,8,9,9,12,11,7,22,29,20,14,20,8,17,28,27,8,8,8,8,0,0,0,0,-8,-8,-8,-8,-8,0,0,0,0]} 1. Nf3 Nf6 2. c4 e6 3. g3 b6 4. Bg2 Bb7 5. O-O Be7 6. Nc3 {LiveBook: 1973 Games} Bb4 {A17: English Opening: 1...Nf6 with ...Bb4} (6... O-O 7. Re1 d5 8. cxd5 Nxd5 9. e4 Nxc3 10. bxc3 c5 11. d4 Re8 12. d5 exd5 13. exd5 Nd7 14. Nd2 Bf8 15. Rxe8 Qxe8 16. c4 b5 17. cxb5 Nb6 18. a4 Bxd5 19. Bxd5 Nxd5 {½-½ (68) Wei,Y (2742)-Eljanov,P (2703) Batumi 2018}) 7. d3 O-O 8. e4 $146 ({Predecessor:} 8. Bd2 Nc6 9. a3 Bxc3 10. Bxc3 Re8 11. b4 d5 12. b5 Ne7 13. Ne5 a6 14. a4 axb5 15. axb5 Rxa1 16. Bxa1 {1-0 (39) Alves,L (1798)-Martins,D Lisbon 2015}) 8... Bxc3 {White is slightly better.} 9. bxc3 d6 10. Ne1 Nbd7 11. f4 c5 12. g4 Ne8 13. Nc2 f5 14. exf5 (14. Qe2 $14) 14... Bxg2 $11 15. Kxg2 exf5 16. g5 Rf7 17. h4 Nf8 18. Ne3 Nc7 19. Qf3 Qd7 20. h5 Re8 ({Black should try} 20... Rd8 $11) 21. Bd2 Rfe7 22. Rf2 Rd8 23. Nd5 Nxd5 24. Qxd5+ Kh8 25. a4 Rde8 26. a5 Re2 27. axb6 axb6 28. Ra6 Qc7 29. Kf1 $2 {[%mdl 8192] [#]} (29. Ra8 $16 Rxf2+ 30. Kxf2 Rxa8 31. Qxa8) 29... R2e7 $2 (29... Qe7 $19 {( -> ...Rxf2+)} 30. Ra8 {[#]} Rxd2 $1 {[%mdl 512]} 31. Rxe8 Rd1+ 32. Kg2 Qxe8 33. Qxf5 Re1) 30. Kg1 Qb7 31. Qxb7 (31. Ra1 {with more complications.} Qxd5 32. cxd5 Rb7 33. Kf1 Kg8 34. Ra6) 31... Rxb7 32. Kf1 Kg8 33. Re2 Rd8 34. Be1 Kf7 35. Kg2 Rc8 36. Kf3 Rcb8 37. Bf2 Rc8 38. Bh4 Rcb8 39. Be1 Rc8 40. Bf2 Rcb8 41. d4 Rc8 42. Rb2 Nd7 43. dxc5 dxc5 44. Ra1 Re8 45. Rd2 Rc8 46. Rd5 g6 47. Rd6 Re8 48. Rh1 Nf8 49. Rb1 {Black must now prevent Bxc5!} Re4 50. Rf6+ Kg8 51. hxg6 Nxg6 52. Rxf5 Rxc4 53. Rb3 Kg7 54. Bg3 b5 55. Rf6 b4 {The position is equal.} 56. cxb4 cxb4 57. f5 Nh4+ 58. Ke2 Re7+ 59. Kd3 Rg4 60. Bxh4 Rxh4 61. Rb6 Rd7+ 62. Kc2 $1 Rh2+ 63. Kc1 {Accuracy: White = 52%, Black = 48%.} 1/2-1/2

[Event "17th Delhi GM Open 2019"]
[Site "Delhi"]
[Date "2019.01.10"]
[Round "2"]
[White "Ghosh, Diptayan"]
[Black "Vantika Agrawal"]
[Result "*"]
[WhiteElo "2544"]
[BlackElo "2149"]
[Annotator "TA"]
[PlyCount "30"]
[EventDate "2019.01.09"]
[EventType "swiss"]
[EventCountry "IND"]
[SourceTitle "playchess.com"]
[Source "ChessBase"]
[SourceQuality "1"]

{[%evp 17,19,19,29,28]} 1. d4 Nf6 2. c4 g6 3. Nf3 Bg7 4. g3 O-O 5. Bg2 d6 6. O-O Nc6 7. Nc3 e5 8. dxe5 {E62: King's Indian: Fianchetto: 6...c6 and Panno Variation (6...Nc6) without ...a6} (8. d5 Nb8 9. e4 a5 10. Ne1 Na6 11. Bg5 h6 12. Be3 Ng4 13. Bd2 f5 14. Nd3 b6 15. f3 Nf6 16. Be3 Nc5 17. Nxc5 bxc5 {0-1 (26) Ivanchuk,V (2714)-Amin,B (2709) Zagreb 2018}) 8... Nxe5 9. b3 Nxf3+ {LiveBook: 14 Games} 10. exf3 {Predecessor:} Be6 $146 11. f4 c6 12. Ba3 Qa5 13. Qc1 Rfd8 14. Rd1 d5 15. b4 Qc7 {½-½ (59) Shengelia,D (2557)-Fedorov,A (2582) Czech Republic 2017} *

[Event "17th Delhi GM Open 2019"]
[Site "Delhi"]
[Date "2019.01.10"]
[Round "2"]
[White "Ghosh, Diptayan"]
[Black "Vantika Agrawal"]
[Result "1-0"]
[WhiteElo "2544"]
[BlackElo "2149"]
[Annotator "TA"]
[PlyCount "97"]
[EventDate "2019.01.09"]
[EventType "swiss"]
[EventCountry "IND"]
[SourceTitle "playchess.com"]
[Source "ChessBase"]
[SourceQuality "1"]

{[%evp 17,97,35,24,17,43,0,0,0,0,0,0,0,0,0,0,0,0,0,0,-14,-12,-20,0,-8,-8,-14,0,-9,-16,-16,-16,-19,-15,-18,0,0,0,0,25,14,75,66,107,26,150,110,110,110,93,67,113,117,109,119,103,96,162,152,173,166,164,149,141,171,170,170,160,147,140,122,688,740,739,637,2089,2471,29994,29995,29995,29996,29996,29997]} 1. d4 Nf6 2. c4 g6 3. Nf3 Bg7 4. g3 O-O 5. Bg2 d6 6. O-O Nc6 7. Nc3 e5 8. dxe5 {E62: King's Indian: Fianchetto: 6...c6 and Panno Variation (6...Nc6) without ...a6} (8. d5 Nb8 9. e4 a5 10. Ne1 Na6 11. Bg5 h6 12. Be3 Ng4 13. Bd2 f5 14. Nd3 b6 15. f3 Nf6 16. Be3 Nc5 17. Nxc5 bxc5 {0-1 (26) Ivanchuk,V (2714)-Amin,B (2709) Zagreb 2018}) 8... Nxe5 9. b3 Nxf3+ {LiveBook: 14 Games} 10. exf3 {White has an edge.} c6 $146 ({Predecessor:} 10... Be6 11. f4 c6 12. Ba3 Qa5 13. Qc1 Rfd8 14. Rd1 d5 15. b4 Qc7 {½-½ (59) Shengelia,D (2557)-Fedorov,A (2582) Czech Republic 2017}) 11. Ba3 Qa5 12. Qc1 Rd8 13. Rd1 Be6 14. Ne2 (14. Rxd6 $2 Rxd6 15. Bxd6 Ne8 $19) ({Reject} 14. Bxd6 Ne8 $17) 14... d5 15. c5 Re8 16. Nd4 Qc7 17. Bb2 Qd7 18. Bf1 Bh3 19. Bd3 h5 20. b4 Nh7 {[%cal Bf6h7,Bh7f8,Bf8e6][%mdl 32]} 21. Qd2 Nf8 22. Re1 Rxe1+ 23. Rxe1 Re8 24. Rxe8 Qxe8 25. f4 Bg4 26. Kg2 Ne6 27. Nb3 Bxb2 28. Qxb2 Nc7 (28... Ng7 $11) 29. h3 $16 Bd1 30. Nd4 ({White should play} 30. Na5 $16) 30... Ne6 (30... Qe1 $11) 31. f5 Nxd4 32. Qxd4 Be2 33. Bc2 Bc4 {White should prevent ...Qe2.} 34. fxg6 fxg6 35. Qf6 Kh7 36. a3 a6 (36... d4 $16) 37. g4 {[#] Threatens to win with gxh5.} hxg4 38. hxg4 d4 39. Qxd4 Qe2 40. Bd1 Qf1+ 41. Kg3 Bd5 42. Kf4 Qh3 43. Ke5 Qxa3 $2 {[%mdl 8192]} (43... Qh4 $16 44. Qe3 Qe7+ 45. Kf4 Qh4) 44. Kf6 $18 Qh3 45. Qe3 Qh4+ 46. g5 {[#] Intending Qe7+ and mate.} Qe4 47. Qh3+ {White mates.} Kg8 48. Qc8+ Kh7 49. Qc7+ {Precision: White = 77%, Black = 53%.} 1-0

[Event "17th Delhi GM Open 2019"]
[Site "Delhi"]
[Date "2019.01.10"]
[Round "2"]
[White "Stupak, Kirill"]
[Black "Arpita, Mukherjee"]
[Result "*"]
[WhiteElo "2542"]
[BlackElo "2132"]
[Annotator "TA"]
[PlyCount "44"]
[EventDate "2019.01.09"]
[EventType "swiss"]
[EventCountry "IND"]
[SourceTitle "playchess.com"]
[Source "ChessBase"]
[SourceQuality "1"]

{[%evp 15,16,12,32]} 1. d4 Nf6 2. g3 g6 3. Bg2 Bg7 4. e4 d6 5. Nc3 O-O 6. Nge2 e5 7. O-O exd4 8. Nxd4 Bg4 {LiveBook: 5 Games. B07: Pirc Defence: Miscellaneous Systems} {Predecessor:} 9. Nde2 $146 Qc8 10. Be3 Bh3 11. Bxh3 Qxh3 12. Nf4 Qd7 13. Nfd5 Nxd5 14. Nxd5 Nc6 15. Bh6 f5 16. Bxg7 Qxg7 17. exf5 Rxf5 18. c3 Qf7 19. Ne3 Rb5 20. Ng4 Kg7 21. Qe2 Rf5 22. f4 Re8 {½-½ (22) Kasparov,S (2488)-Sumets,A (2583) Algiers 2015} *

[Event "17th Delhi GM Open 2019"]
[Site "Delhi"]
[Date "2019.01.10"]
[Round "2"]
[White "Stupak, Kirill"]
[Black "Arpita, Mukherjee"]
[Result "1-0"]
[WhiteElo "2542"]
[BlackElo "2132"]
[Annotator "ChessBase"]
[PlyCount "69"]
[EventDate "2019.01.09"]
[EventType "swiss"]
[EventCountry "IND"]
[SourceTitle "playchess.com"]
[Source "ChessBase"]
[SourceQuality "1"]
[TimeControl "5400+30"]

1. d4 {[%emt 0:03:05]} Nf6 {[%emt 0:00:00]} 2. g3 {[%emt 0:00:05]} g6 {[%emt 0:00:18]} 3. Bg2 {[%emt 0:00:02]} Bg7 {[%emt 0:00:13]} 4. e4 {[%emt 0:00:01]} d6 {[%emt 0:00:07]} 5. Nc3 {[%emt 0:00:02]} O-O {[%emt 0:01:11]} 6. Nge2 {[%emt 0:00:03]} e5 {[%emt 0:03:20]} 7. O-O {[%emt 0:03:21]} exd4 {[%emt 0:01:46]} 8. Nxd4 {[%emt 0:00:06]} Bg4 {[%emt 0:00:08]} 9. f3 {[%emt 0:08:36]} Bd7 {[%emt 0:00:39]} 10. Be3 {[%emt 0:02:23]} Nc6 {[%emt 0:00:55]} 11. Nde2 {[%emt 0:00:12]} Qc8 {[%emt 0:01:54]} 12. Nf4 {[%emt 0:04:42]} Kh8 {[%emt 0:09:36]} 13. Qd2 {[%emt 0:02:39]} Ne5 {[%emt 0:04:05]} 14. b3 {[%emt 0:00:10]} Re8 {[%emt 0:02:07]} 15. a4 {[%emt 0:02:38]} Ng8 {[%emt 0:13:53]} 16. g4 {[%emt 0:04:35]} h6 {[%emt 0:08:25]} 17. h3 {[%emt 0:01:13]} Kh7 {[%emt 0:06:37]} 18. Rad1 {[%emt 0:01:20]} Qd8 {[%emt 0:09:29]} 19. Nfe2 {[%emt 0:02:10]} Bc6 {[%emt 0:07:03]} 20. f4 {[%emt 0:02:32]} Nd7 {[%emt 0:00:08]} 21. Nd4 {[%emt 0:00:09]} Qe7 {[%emt 0:01:25]} 22. Bf2 {[%emt 0:05:29]} a6 {[%emt 0:04:32]} 23. Rfe1 {[%emt 0:01:56]} Rad8 {[%emt 0:00:56]} 24. Na2 {[%emt 0:01:04]} Nb8 {[%emt 0:01:57]} 25. Nb4 {[%emt 0:01:45]} Qd7 {[%emt 0:02:45]} 26. Bh4 {[%emt 0:07:30]} Rc8 {[%emt 0:03:39]} 27. Ndxc6 {[%emt 0:03:38]} bxc6 {[%emt 0:01:10]} 28. e5 {[%emt 0:00:18]} Bf8 {[%emt 0:02:00]} 29. Qf2 {[%emt 0:04:02]} a5 {[%emt 0:00:49]} 30. Nd3 {[%emt 0:00:11]} Na6 {[%emt 0:01:11]} 31. f5 {[%emt 0:01:18]} g5 {[%emt 0:00:38]} 32. Bg3 {[%emt 0:00:05]} f6 {[%emt 0:01:02]} 33. e6 {[%emt 0:00:14]} Qg7 {[%emt 0:00:23]} 34. Bxc6 {[%emt 0:00:02]} Red8 {[%emt 0:00:58]} 35. Bb7 {[%emt 0:00:37]} 1-0

[Event "17th Delhi GM Open 2019"]
[Site "Delhi"]
[Date "2019.01.10"]
[Round "2"]
[White "Tran, Tuan Minh"]
[Black "Zia, Tahsin Tajwar"]
[Result "*"]
[WhiteElo "2541"]
[BlackElo "2125"]
[Annotator "TA"]
[PlyCount "35"]
[EventDate "2019.01.09"]
[EventType "swiss"]
[EventCountry "IND"]
[SourceTitle "playchess.com"]
[Source "ChessBase"]
[SourceQuality "1"]

{[%evp 18,19,50,58]} 1. c4 e6 2. Nf3 d5 3. g3 Nf6 4. Bg2 dxc4 5. O-O Be7 6. Na3 O-O 7. Nxc4 c5 8. d4 Nc6 9. dxc5 Bxc5 10. a3 {LiveBook: 23 Games} {Predecessor:} a5 $146 11. Qb3 Qe7 12. Bg5 e5 13. e3 Re8 14. Nfd2 Be6 15. Qb5 Rac8 16. Bxf6 gxf6 17. Nxa5 Nxa5 18. Qxa5 {1-0 (31) Hera,I (2566)-Izso,D (2370) Budapest 2014} *

[Event "17th Delhi GM Open 2019"]
[Site "Delhi"]
[Date "2019.01.10"]
[Round "2"]
[White "Tran, Tuan Minh"]
[Black "Zia, Tahsin Tajwar"]
[Result "1/2-1/2"]
[WhiteElo "2541"]
[BlackElo "2125"]
[Annotator "TA"]
[PlyCount "115"]
[EventDate "2019.01.09"]
[EventType "swiss"]
[EventCountry "IND"]
[SourceTitle "playchess.com"]
[Source "ChessBase"]
[SourceQuality "1"]

{[%evp 18,115,57,49,54,51,57,54,43,34,76,65,82,45,47,47,47,49,56,47,47,23,19,18,31,24,18,23,52,48,60,0,0,-10,55,0,0,0,35,-15,-19,-69,52,81,297,-108,-102,-114,100,-119,-67,-139,-91,-97,-94,-85,-89,-83,-62,-63,-70,-72,-45,-66,-45,-47,-9,-9,-7,-12,-10,-11,-8,-22,-14,-35,-23,-52,-47,-53,-47,-89,0,-52,0,-174,-127,-520,-513,-515,-487,-468,-27,-470,-468,-435,-337,-413,-390,-344]} 1. c4 e6 2. Nf3 d5 3. g3 Nf6 4. Bg2 dxc4 5. O-O Be7 6. Na3 {[%cal Bb1a3,Ba3c4,Bc4e5][%mdl 32]} O-O 7. Nxc4 c5 8. d4 Nc6 9. dxc5 Bxc5 10. a3 {LiveBook: 23 Games} b5 {Strongly threatening ...Qxd1. E05: Open Catalan: 5 Nf3 Be7} (10... a5 11. Qb3 Qe7 12. Bg5 e5 13. e3 Re8 14. Nfd2 Be6 15. Qb5 Rac8 16. Bxf6 gxf6 17. Nxa5 Nxa5 18. Qxa5 {1-0 (31) Hera,I (2566)-Izso,D (2370) Budapest 2014}) 11. Nfe5 Nxe5 12. Nxe5 Nd5 {White is slightly better.} 13. e4 $146 ({Predecessor:} 13. Nd3 Bb6 14. Qb3 Rb8 15. Rd1 Qf6 16. e4 Nc7 17. Bf4 Re8 18. Rac1 e5 19. Bxe5 Rxe5 20. Nxe5 Be6 21. Qc3 b4 22. axb4 {½-½ (22) Stigar,P (2280)-Hedayat Nassab,D (2111) Hamburg 2010}) 13... Nb6 14. b4 Be7 15. Nc6 Qc7 16. Nxe7+ Qxe7 17. Be3 Na4 18. Rc1 Bb7 19. Qe2 a6 20. Rc2 Rfd8 21. h4 h6 22. Rfc1 Rd7 23. Qg4 {Black must now prevent Bxh6.} Kh8 24. Bf4 (24. Qh5 $14) 24... Nb6 $11 25. Rc5 Na4 (25... Nc4 $11) 26. R5c2 (26. Rc7 $14 Rad8 27. R7c2 (27. Rxd7 Rxd7 28. Qh5 Nb6 $11)) 26... Nb6 27. Rc5 $36 {[%mdl 2048] White has good play.} Na4 28. Rh5 {Threatens to win with Bxh6!} Kh7 29. Bh3 Rad8 (29... Qf6 $15) 30. Bg5 $1 $14 {[%cal Rg5e7]} f6 $2 {[#]} (30... Qd6 $16 {was necessary.}) 31. Be3 $2 (31. Bxh6 $1 $18 {[%mdl 512]} gxh6 32. Qf4) 31... Qf7 $17 32. Kh2 Rd3 $2 (32... Re7 $1 $17) 33. Bf4 $2 {[#]} (33. Qxe6 $16 Qxh5 34. Rc7 Rxe3 35. Qxf6) 33... Bxe4 (33... R8d7 $1 $17) 34. Rc7 (34. Qxe6 $15 Qxe6 35. Bxe6) 34... R3d7 35. Qxe6 Qxe6 36. Bxe6 Rxc7 37. Bxc7 Rd1 {[%csl Ge4][%cal Rd1h1]} 38. Bf5+ $1 Bxf5 39. Rxf5 $15 {[%mdl 4096] Endgame KRB-KRN} Rd3 40. h5 Kg8 41. Kg2 Rd7 42. Bb8 $1 Kf7 43. Rf3 Nb6 44. Rc3 Nc4 45. Kf3 (45. a4 $5) 45... Ke6 46. Bf4 Rd1 47. Kg4 Ra1 48. Bc1 Kd5 {...Kd4 is the strong threat.} 49. Be3 Ke6 ({But not} 49... Rxa3 50. Rxa3 Nxa3 51. Kf5 $11) 50. Bc1 Kd5 (50... Ra2 $15 51. Kf3 Ke5) 51. Rc2 $2 {[#]} (51. Be3 $1 $11 {and White is okay.}) 51... Kd4 $1 $19 {[%cal Rd4d3] aiming for ...Kd3.} ({Don't play} 51... Nxa3 52. Rc5+ Ke4 53. Bf4 $17) 52. Bb2+ $2 {[%mdl 8192]} (52. Bf4 $17 {is a better chance.}) 52... Nxb2 53. Rxb2 Rxa3 {KR-KR} 54. Kf5 Rc3 $2 (54... Kc3 $19 55. Rb1 Kc2) 55. Kg6 $2 {[%mdl 8192]} (55. Rb1 $1 $11) 55... Rc7 56. Rb1 Kd3 57. f4 Kc2 58. Ra1 {[%mdl 32768] Accuracy: White = 43%, Black = 43%. . An unexpected result.} 1/2-1/2

[Event "17th Delhi GM Open 2019"]
[Site "Delhi"]
[Date "2019.01.10"]
[Round "2"]
[White "Debashis, Das"]
[Black "Soham Datar"]
[Result "*"]
[WhiteElo "2538"]
[BlackElo "2122"]
[Annotator "TA"]
[PlyCount "33"]
[EventDate "2019.01.09"]
[EventType "swiss"]
[EventCountry "IND"]
[SourceTitle "playchess.com"]
[Source "ChessBase"]
[SourceQuality "1"]

{[%evp 23,25,5,27,5]} 1. d4 d5 2. c4 c6 3. Nf3 Nf6 4. e3 Bf5 5. Nc3 e6 6. Nh4 Be4 7. f3 Bg6 8. Qb3 Qc7 9. Bd2 {D12: Slav Defence: 3 Nf3 Nf6 4 e3 Bf5} Be7 10. g3 (10. O-O-O dxc4 11. Bxc4 a6 12. Be2 Nbd7 13. Nxg6 hxg6 14. Kb1 c5 15. d5 exd5 16. Nxd5 Nxd5 17. Qxd5 {0-1 (31) Karjakin,S (2773)-Caruana,F (2822) Saint Louis 2018}) 10... Bh5 11. Be2 dxc4 12. Qxc4 a6 {LiveBook: 9 Games} 13. Qb3 {Predecessor:} b5 $146 14. e4 c5 15. Bf4 Qa5 16. d5 c4 17. Bxc4 {1-0 (38) Szabo,G (2560)-Csonka,B (2458) Budapest 2018} *

[Event "17th Delhi GM Open 2019"]
[Site "Delhi"]
[Date "2019.01.10"]
[Round "2"]
[White "Debashis, Das"]
[Black "Soham Datar"]
[Result "1-0"]
[WhiteElo "2538"]
[BlackElo "2122"]
[Annotator "TA"]
[PlyCount "57"]
[EventDate "2019.01.09"]
[EventType "swiss"]
[EventCountry "IND"]
[SourceTitle "playchess.com"]
[Source "ChessBase"]
[SourceQuality "1"]

{[%evp 23,57,20,15,0,7,-14,-3,-1,27,17,100,89,296,279,315,322,317,318,304,314,327,262,493,394,379,387,395,398,453,449,435,435,1656,1112,29986,29987]} 1. d4 d5 2. c4 c6 3. Nf3 Nf6 4. e3 Bf5 5. Nc3 e6 6. Nh4 Be4 7. f3 Bg6 8. Qb3 Qc7 9. Bd2 {D12: Slav Defence: 3 Nf3 Nf6 4 e3 Bf5} Be7 10. g3 (10. O-O-O dxc4 11. Bxc4 a6 12. Be2 Nbd7 13. Nxg6 hxg6 14. Kb1 c5 15. d5 exd5 16. Nxd5 Nxd5 17. Qxd5 {0-1 (31) Karjakin,S (2773)-Caruana,F (2822) Saint Louis 2018}) 10... Bh5 11. Be2 dxc4 12. Qxc4 a6 {LiveBook: 9 Games} 13. Qb3 O-O $146 ({Predecessor:} 13... b5 14. e4 c5 15. Bf4 Qa5 16. d5 c4 17. Bxc4 {1-0 (38) Szabo,G (2560)-Csonka,B (2458) Budapest 2018}) 14. Ng2 b5 15. Nf4 Bg6 16. h4 {next g4 is good for White.} h5 {[#]} (16... c5 $11) 17. g4 $1 $16 hxg4 $2 (17... Bh7 $16 {was necessary.}) 18. Nxg6 $18 {[%mdl 64] Overworked Piece} ({Weaker is} 18. fxg4 Bh7 $11) 18... fxg6 19. Qxe6+ Rf7 20. fxg4 {[%cal Bf3g4,Bg4g5,Bg5f6][%mdl 32]} Nbd7 21. g5 Nf8 22. Qh3 b4 $2 (22... Nh5 23. Bd1 c5 24. dxc5 Bxc5) 23. gxf6 bxc3 24. Bxc3 ({Not} 24. fxe7 cxd2+ 25. Kxd2 Rxe7 $18) 24... Rxf6 25. O-O-O Rb8 26. h5 {[#] hxg6 would kill now.} g5 27. h6 Rxh6 (27... g6 $142 28. h7+ Kh8) 28. Qf5 Rh4 29. Bc4+ {Accuracy: White = 73%, Black = 16%.} 1-0